El oso andino en el Macizo de Chingaza / (Registro nro. 20090)

Detalles MARC
000 -CABECERA
Campo de control 02090nam a22003977a 4500
005 - FECHA Y HORA DE LA ULTIMA TRANSACCION
Campo de control 20180222151836.0
008 - ELEMENTOS DE LONGITUD FIJA—INFORMACION GENERAL
Campo de control 180222b2017 ck o|||gr||||a00| 0 spa d
020 ## - ISBN
ISBN 9789588426518
040 ## - FUENTE DE CATALOGACIÓN
Agencia catalogadora original CO-BoIAVH
Agencia transcriptora CO-BoIAVH
041 ## - IDIOMA
Código de idioma para texto/pista de sonido o título separado Español
044 ## - PAÍS DE PUBLICACIÓN
País de publicación Colombia
082 14 - NUMERO DE CLASIFICACION DECIMAL DEWEY
Número de clasificación 599.784
Número del ítem G64o
110 1# - ASIENTO PRINCIPAL--NOMBRE CORPORATIVO
Nombre corporativo o de jurisdicción como elemento de entrada Colombia.
Unidad subordinad Empresa de Acueducto, Alcantarillado y Aseo de Bogotá
9 (RLIN) 89828
245 13 - MENCION DE TITULO
Título El oso andino en el Macizo de Chingaza /
Mención de responsabilidad editado por José F. González-Maya y otros.
260 ## - PUBLICACION, DISTRIBUCION, ETC. (PIE DE IMPRENTA)
Lugar de publicación, distribución, etc. Bogotá:
Nombre del editor, distribuidor, etc. Empresa de Acueducto, Alcantarillado y Aseo de Bogotá:
-- Corporación Autónoma Regional del Guavio Corpoguavio:
-- Parques Nacionales Naturales de Colombia:
-- Proyecto de Conservación de Aguas y Tierras ProCAT Colombia,
Fecha de publicación, distribución, etc. 2017.
300 ## - DESCRIPCION FISICA
Extensión 120 páginas,
Otros detalles físicos fotografías y mapas a color,
504 ## - NOTA DE BIBLIOGRAFIA, ETC.
Nota de bibliografía Incluye bibliogra´fia (pag. 116-118)
505 ## - NOTA DE CONTENIDO
Nota de contenido Capítulo 1.<br/>Una voz para el oso andino del Macizo de Chingaza (pag 17)
505 ## - NOTA DE CONTENIDO
Nota de contenido Capítulo 2.<br/>El paisaje del macizo de Chingaza (pag 25)
505 ## - NOTA DE CONTENIDO
Nota de contenido Capítulo 3.<br/>Generalidades del oso andino (Tremarctos Ornatus: Ursidae) (pag 55)
505 ## - NOTA DE CONTENIDO
Nota de contenido Capítulo 4.<br/>Los oso andinos del Macizo de Chingaza (pag 73)
505 ## - NOTA DE CONTENIDO
Nota de contenido Capítulo 5.<br/>Estado de conservación y amenazas del oso andino en el Macizo de Chingaza (pag 89)
505 ## - NOTA DE CONTENIDO
Nota de contenido Capítulo 6.<br/>Estrategia para la conservación del oso andino en el Macizo de Chingaza (pag 101)
650 14 - ASIENTO SECUNDARIO DE MATERIA - TERMINO TEMATICO
Término temático o nombre geográfico como elemento de entrada Oso andino
Subdivisión geográfica Colombia
9 (RLIN) 89829
650 #0 - ASIENTO SECUNDARIO DE MATERIA - TERMINO TEMATICO
Término temático o nombre geográfico como elemento de entrada Tremarctos ornatus
Subdivisión geográfica Colombia
9 (RLIN) 89830
650 #0 - ASIENTO SECUNDARIO DE MATERIA - TERMINO TEMATICO
Término temático o nombre geográfico como elemento de entrada Oso de anteojos
Subdivisión geográfica Colombia
9 (RLIN) 89831
650 #0 - ASIENTO SECUNDARIO DE MATERIA - TERMINO TEMATICO
Término temático o nombre geográfico como elemento de entrada Ecosistemas de montaña
Subdivisión general Páramos
Subdivisión geográfica Colombia
9 (RLIN) 89832
651 1# - ASIENTO SECUNDARIO DE MATERIA - NOMBRE GEOGRAFICO
Nombre geográfico Macizo de Chingaza
Subdivisión geográfica Colombia
9 (RLIN) 89833
700 1# - ASIENTO SECUNDARIO - NOMBRE PERSONAL
Nombre personal Gonzálea-Maya, José F.
Término de relación editor
9 (RLIN) 89824
700 1# - ASIENTO SECUNDARIO - NOMBRE PERSONAL
Nombre personal Galindo-Tarazona, Robinson
Término de relación editor
9 (RLIN) 86832
700 1# - ASIENTO SECUNDARIO - NOMBRE PERSONAL
Nombre personal Urquijo-Collazos, Marcos Manuel
Término de relación editor
9 (RLIN) 89825
700 1# - ASIENTO SECUNDARIO - NOMBRE PERSONAL
Nombre personal Zárate-Vanegas, Maritza
Término de relación editora
9 (RLIN) 89826
700 1# - ASIENTO SECUNDARIO - NOMBRE PERSONAL
Nombre personal Parra-Romero,Angela
Término de relación editora
9 (RLIN) 89827
856 ## - LOCALIZACION Y ACCESO ELECTRONICOS
Identificador Uniforme del Recurso http://procat-conservation.org/wp-content/uploads/2018/02/LibroOsoenMacizoChingaza_dig.pdf
942 ## - ELEMENTOS ADICIONALES (KOHA)
Sistema de clasificación Dewey Decimal Classification
Tipo de ítem Libro
Existencias
Withdrawn status Lost status Sistema de Clasificación Damaged status No para préstamo Colección Ubicación Permanente Ubicación actual Fecha de adquisición Fuente de Valor Valor Total Checkouts Número topográfico Inventario / Código de Barras Date last seen Date checked out Ejemplar Price effective from Forma de adquisición Tipo de material
    Dewey Decimal Classification     General Bogotá Bogotá 22/02/2018 Instituto 30000.00 3 LB-599.784 G64o 043189 16/09/2019 16/09/2019 Ej. 1 22/02/2018 Donación Libro
    Dewey Decimal Classification     General Sala Fabio Quevedo Sala Fabio Quevedo 09/07/2018 Instituto 30000.00   LB-599.784 G64o 030250 09/07/2018   Ej. 2 09/07/2018 Donación Libro